Аk kанаттар (Запись № 10271719)
[ простой вид ]
| 000 -МАРКЕР | |
|---|---|
| контрольное поле | 01503nam0a2200361 4500 |
| 001 - ИДЕНТИФИКАТОР ЗАПИСИ | |
| контрольное поле | RU\NLR\ONL2\23357 |
| 005 - ИДЕНТИФИКАТОР ВЕРСИИ | |
| контрольное поле | 20260406072852.0 |
| 010 ## - МЕЖДУНАРОДНЫЙ СТАНДАРТНЫЙ НОМЕР КНИГИ (ISBN) | |
| Номер (ISBN) | 978-5-295-05353-5 |
| Тираж | 1500 |
| 035 ## - ДРУГИЕ СИСТЕМНЫЕ НОМЕРА | |
| Идентификатор записи | (NLR Aleph) 010210315 |
| 100 ## - ДАННЫЕ ОБЩЕЙ ОБРАБОТКИ | |
| Данные общей обработки | 20120523d2011 |||y0rusy50 ca |
| 101 1# - ЯЗЫК РЕСУРСА | |
| Язык текста, звукозаписи и т.д. | башкирский |
| Язык оригинала | татарский |
| 102 ## - СТРАНА ПУБЛИКАЦИИ ИЛИ ПРОИЗВОДСТВА | |
| Страна публикации | Российская Федерация |
| 105 ## - ПОЛЕ КОДИРОВАННЫХ ДАННЫХ: ТЕКСТОВЫЕ МАТЕРИАЛЫ, МОНОГРАФИЧЕСКИЕ | |
| Кодированные данные о монографическом текстовом документе | c ||||||||| |
| 200 1# - ЗАГЛАВИЕ И СВЕДЕНИЯ ОБ ОТВЕТСТВЕННОСТИ | |
| Основное заглавие | Аk kанаттар |
| Сведения, относящиеся к заглавию | шигырзар hэм поэмалар |
| Первые сведения об ответственности | Эхсэн Баян |
| Последующие сведения об ответственности | [башkортсага тэрж. А. Игебаев] |
| 210 ## - ПУБЛИКАЦИЯ, РАСПРОСТРАНЕНИЕ И ДР. | |
| Место издания, распространения и т.д. | Өфө |
| Имя издателя, распространителя и т. д. | Китап |
| Дата издания, распространения и т.д. | 2011 |
| 215 ## - ФИЗИЧЕСКАЯ ХАРАКТЕРИСТИКА | |
| Специфическое обозначение материала и объем | 277,[1] б. |
| Другие сведения о физической характеристике | портр. |
| Размеры | 17 |
| 225 1# - СЕРИЯ | |
| Основное заглавие серии | Кэрзэшлек кэштэhе |
| 300 ## - ОБЩИЕ ПРИМЕЧАНИЯ | |
| Текст примечания | Перед. вып. дан. авт.: Баянов Ахсан Фатхулбаянович (Ахсан Баян). |
| 541 1# - ПЕРЕВОД ЗАГЛАВИЯ, СДЕЛАННЫЙ КАТАЛОГИЗАТОРОМ | |
| Связь между полями | z01790 |
| Заглавие | Белые крылья |
| Сведения, относящиеся к заглавию | стихотворения и поэмы. |
| Язык заглавия | русский |
| 686 1# - ИНДЕКСЫ ДРУГИХ КЛАССИФИКАЦИЙ | |
| Индекс | Ш6(2=Баш)7-91Татар-5 |
| 700 #1 - ИМЯ ЛИЦА - ПЕРВИЧНАЯ ОТВЕТСТВЕННОСТЬ | |
| Код отношения | Автор |
| Материалы, к которым относится поле | tat |
| Графика поля | Кириллица |
| Начальный элемент ввода | Баян |
| Часть имени, кроме начального элемента ввода | Э. |
| Даты | 1927- |
| Расширение инициалов личного имени | Эхсэн |
| Идентификатор авторитетной/нормативной записи | RU\NLR\auth-onl\77624 |
| Системный номер авторитетной/нормативной записи | 130680 |
| 702 #1 - ИМЯ ЛИЦА - ВТОРИЧНАЯ ОТВЕТСТВЕННОСТЬ | |
| Код отношения | Переводчик |
| Графика поля | Кириллица |
| Материалы, к которым относится поле | bak |
| Начальный элемент ввода | Игебаев |
| Часть имени, кроме начального элемента ввода | А.Х. улы |
| Даты | 1930- |
| Расширение инициалов личного имени | Абдулхаҡ Хажмөхәмәт улы |
| Системный номер авторитетной/нормативной записи | 130350 |
| Идентификатор авторитетной/нормативной записи | RU\NLR\auth-onl\77291 |
| 790 #1 - ИМЯ ЛИЦА - АЛЬТЕРНАТИВНАЯ ФОРМА | |
| Код отношения | Автор |
| Материалы, к которым относится поле | rus |
| Графика поля | Кириллица |
| Начальный элемент ввода | Баян |
| Часть имени, кроме начального элемента ввода | А. |
| Даты | 1927- |
| Расширение инициалов личного имени | Ахсан |
| Идентификатор авторитетной/нормативной записи | RU\NLR\auth-onl\77625 |
| Системный номер авторитетной/нормативной записи | 130681 |
| 801 #0 - ИСТОЧНИК ЗАПИСИ | |
| Страна | Российская Федерация |
| Организация | NLR |
| Дата составления | 20120523 |
| Правила каталогизации | PSBO |
| 852 ## - МЕСТОНАХОЖДЕНИЕ И ШИФР ХРАНЕНИЯ | |
| Идентификатор организации | NLR |
| Шифр хранения (Call Number) | Башк./2-4847 |
| Страна | |
| 852 ## - МЕСТОНАХОЖДЕНИЕ И ШИФР ХРАНЕНИЯ | |
| Идентификатор организации | NLR |
| Шифр хранения (Call Number) | Башк./2-4847 |
| Идентификатор единицы | 15142 |
| 852 ## - МЕСТОНАХОЖДЕНИЕ И ШИФР ХРАНЕНИЯ | |
| Идентификатор организации | NLR |
| Наименование фонда или коллекции (Sub-Location Identifier) | ОНЛ |
| 942 ## - ДОПОЛНИТЕЛЬНЫЕ ЭЛЕМЕНТЫ ЗАПИСИ (АБИС) | |
| Тип экземпляра АБИС | Книга |
| 980 ## - КОЛЛЕКЦИЯ | |
| Название коллекции | Национальная библиография |
| 980 ## - КОЛЛЕКЦИЯ | |
| Название коллекции | Каталог книг на языках народов РФ и стран СНГ |
Нет доступных экземпляров.